Spracovanie dát v reálnom čase /

Saved in:
Bibliographic Details
Main Authors: Graef, Martin (Author), Greiller, Reinald (Author), Hechtová, Gunda (Author)
Other Authors: Spal, Josef (Translator)
Format: Book
Language:Slovak
Published: Bratislava : Alfa, 1974
Subjects:
Tags: Add Tag
No Tags, Be the first to tag this record!

MARC

LEADER 00000nam a22000003a 4500
001 stu36531
005 20150617225726.3
008 920610s1974----cs------------------slo-d
040 |a STU  |b slo 
041 0 |a slo 
044 |a cs 
080 |a 681.3.02 
080 |a 004.42 
100 1 |a Graef, Martin  |4 aut 
245 1 |a Spracovanie dát v reálnom čase /  |c [aut.]Martin Graef, Reinald Greiller, Gunda Hechtová; Z nem. J. Spal 
260 |a Bratislava :  |b Alfa,  |c 1974 
300 |a 233 s 
650 7 |a Dáta  |2 stusub 
650 7 |a spracovanie  |2 stusub 
700 1 |a Greiller, Reinald  |4 aut 
700 1 |a Hechtová, Gunda  |4 aut 
700 1 |a Spal, Josef  |4 trl 
996 |b 284J016467  |c J*42454  |l JJSK  |s A  |a 24  |w stu36531_0001 
996 |b 284M012625  |c M*5834-1  |l MMKN  |s A  |a 24  |w stu36531_0002